Folclore brasileiro (Record no. 139790)

MARC details
000 -LÍDER
campo de controle de tamanho fixo 00494 a2200169 4500
001 - NÚMERO DE CONTROLE
campo de controle 139790
040 ## - FONTE DA CATALOGAÇÃO
Instituição que transcreveu o registro Leonardo Da Vinci
041 ## - CÓDIGO DE IDIOMA
Código do idioma do texto/trilha sonora ou título diferente Português
082 ## - CDD - CLASSIFICAÇÃO DECIMAL DE DEWEY
Número de Classificação 398 D16f
Número do exemplar D16f
100 ## - ENTRADA PRINCIPAL--NOME PESSOAL
Nome pessoal DAMANTE, Hélio
245 ## - TÍTULO
Título Folclore brasileiro
Restante do título São Paulo
260 ## - PUBLICAÇÃO, DISTRIBUIÇÃO, ETC.
Nome do editor, distribuidor, etc. Funarte
Data da publicação, distribuição, etc. 1980
Local de publicação, distribuição, etc. Rio de Janeiro
300 ## - DESCRIÇÃO FÍSICA
Extensão 65
362 ## - DATAS DE PUBLICAÇÃO E/OU DESIGNAÇÃO SEQUENCIAL
Datas de publicação e/ou designação sequencial 19800000
697 ## - ENTRADA DE ASSUNTO LOCAL--ENTIDADE COLETIVA (RLIN)
Nome corporativo ou nome da jurisdição Folclore
-- Arte popular
-- Mitos
-- Lendas
-- São Paulo
-- Região Sudeste
-- Brasil
-- Culinária
-- Danças
-- Arte
-- Artesanato
-- Festa
942 ## - ELEMENTOS DE ENTRADA ADICIONADOS (KOHA)
Tipo de material Koha Livros
Holdings
Situação do descarte Situação das perdas Situação física Não pode ser emprestado Biblioteca de origem Biblioteca atual Data de aquisição Total de empréstimos Número de chamada completo Código de barras Data de último acesso Data do preço efetivo Tipo de material Koha
        Leonardo Da Vinci - Osasco Leonardo Da Vinci - Osasco 27/03/2024   398 D16f O005345 27/03/2024 27/03/2024 Livros